Statistics for Dogs in the Answer

Click here to take the quiz!

General Stats

  • This quiz has been taken 59,905 times
    (26,023 since last reset)
  • The average score is 13 of 20

Answer Stats

ClueAnswer% Correct
Frankfurter or wienerHot Dog
98%
It can't learn new tricksOld Dog
91%
Battle between fighter planesDogfight
78%
A basic swimming strokeDoggy Paddle
75%
"You ain't nothing but a ____ __,
crying all the time"
Hound Dog
75%
The expected loser in sportsUnderdog
75%
Makes a high-pitch noise that dogs
can hear but humans can't
Dog Whistle
74%
Rapper who has collaborated with
Dr. Dre and Warren G
Snoop Dogg
73%
The hottest part of summerDog Days
67%
Bookmark alternativeDog Ear
64%
Alpo or Purina, e.g.Dog Food
64%
Religious doctrineDogma
63%
Jail for dogsDog Pound
61%
The maximum possible dareTriple Dog Dare
60%
1992 Quentin Tarantino movieReservoir Dogs
56%
Fighting a hangover by drinking
more alcohol
Hair of the Dog
54%
A tough old sailorSalty Dog
53%
"Kissing" rodent of North AmericaPrairie Dog
46%
Iditarod racerSled Dog
39%
Sharp curve on a golf courseDogleg
37%

Score Distribution

Percentile by Number Answered

Percent of People with Each Score

Your Score History

You have not taken this quiz since the last reset